Minecraft Item Quiz - Statistics

General Stats
  • This quiz has been taken 488 times
  • The average score is 24 of 27
Answers on the Map
Answers color-coded by a green-red scale on the quiz's map according to % correct below.
 
Answer Stats
Answer % Correct
Netherite Spear
96%
Pumpkin Pie
96%
Totem of Undying
96%
Copper Pickaxe
95%
Goat Horn
95%
Water Bucket
95%
Jukebox
94%
Nether Star
94%
Recovery Compass
94%
Beacon
93%
Dirt
92%
Kelp
92%
Green Dye
91%
Bundle
90%
Command Block
89%
Copper Lantern
89%
Dragon Egg
89%
Heart of the Sea
89%
Prismarine Crystals
89%
Skulker Box
88%
Ancient Debris
84%
Cherry Leaves
84%
Sculk Sensor
82%
Lodestone
80%
Granite
79%
Tuff
79%
Conduit
69%
No matching quizzes found
Score Distribution
Percent of People with Each Score
Percentile by Number Answered
Your Score History
You have not taken this quiz